| Tag |
First Indicator |
Second Indicator |
Subfields |
| LEADER |
00000cam a22000008a 4500 |
| 001 |
in00002201610 |
| 005 |
20151104091925.0 |
| 008 |
060703s2006 ilu b 001 0 eng |
| 010 |
|
|
|a 2006021700
|
| 020 |
|
|
|a 0814156746 (pbk)
|
| 020 |
|
|
|a 9780814156742 (pbk)
|
| 024 |
3 |
|
|a 9780814156742
|
| 035 |
|
|
|a (OCoLC)ocm70291962
|
| 040 |
|
|
|a DLC
|c DLC
|d BAKER
|d TXA
|d UtOrBLW
|
| 049 |
|
|
|a TXAM
|
| 050 |
0 |
0 |
|a PE1408
|b .W564 2006
|
| 082 |
0 |
0 |
|a 808/.042
|2 22
|
| 245 |
0 |
0 |
|a What is "college-level" writing? /
|c edited by Patrick Sullivan, Howard Tinberg.
|
| 264 |
|
1 |
|a Urbana, Ill. :
|b National Council of Teachers of English,
|c 2006.
|
| 300 |
|
|
|a xviii, 418 pages ;
|c 23 cm.
|
| 336 |
|
|
|a text
|b txt
|2 rdacontent
|
| 337 |
|
|
|a unmediated
|b n
|2 rdamedia
|
| 338 |
|
|
|a volume
|b nc
|2 rdacarrier
|
| 504 |
|
|
|a Includes bibliographical references and index.
|
| 650 |
|
0 |
|a English language
|x Rhetoric.
|
| 650 |
|
0 |
|a Report writing.
|
| 700 |
1 |
|
|a Sullivan, Patrick,
|d 1956-
|
| 700 |
1 |
|
|a Tinberg, Howard B.,
|d 1953-
|
| 856 |
4 |
1 |
|3 Table of contents only
|u http://www.loc.gov/catdir/toc/ecip0616/2006021700.html
|t 0
|
| 994 |
|
|
|a C0
|b TXA
|
| 948 |
|
|
|a cataloged
|b h
|c 2006/12/4
|d c
|e blrosas
|f 1:49:38 pm
|
| 999 |
|
|
|a MARS
|
| 999 |
f |
f |
|s 0b287f08-3a38-33c0-b1c9-5b479e5487d2
|i 763d943a-9ce4-3e26-bd3b-90ac4d8c7a02
|t 0
|
| 952 |
f |
f |
|p ric
|a Texas A&M University
|b Rellis Campus
|c Joint Library Facility
|s JLF
|d Remote Storage
|t 0
|e PE1408 .W564 2006
|h Library of Congress classification
|i unmediated -- volume
|m A14835116613
|
| 998 |
f |
f |
|a PE1408 .W564 2006
|t 0
|l Remote Storage
|